000
00317nam a2200121Ia 4500
008
190216s9999||||xx |||||||||||||| ||und||
100
_a
Holder Ness A & John Lambert
245
0
_a
New Certificate Chemistry
260
_b
Heinemann Educational Books Ltd
_c
1970
300
_a
542p
650
_a
Chemistry
942
_c
BK
999
_c
2002
_d
2002